| 000 | 00574nam a22002177a 4500 | ||
|---|---|---|---|
| 005 | 20260216152545.0 | ||
| 008 | 260216b |||||||| |||| 00| 0 eng d | ||
| 020 |
_a9788188194278 _cRs. 500.00 |
||
| 040 | _aMAIN | ||
| 082 |
_a294.5436 _bL149M |
||
| 100 | _aLakshmanjoo, Swami | ||
| 245 | _aMagical jewel of devotion in Kashmir Shaivism | ||
| 260 |
_aNew Delhi _bKashmir Shaiva Institute _c2018 |
||
| 300 | _axxxvi, 183 | ||
| 650 | _aReligion | ||
| 650 | _aHinduism | ||
| 650 | _aShaivism | ||
| 650 | _aIndian origin | ||
| 700 | _aHughes, John, ed. | ||
| 942 | _cBK | ||
| 999 |
_c397019 _d397019 |
||